Llwytho...

Heavy metal and biochemical studies of different groups of algae from Cape Comorin and Kovalam

Manylion Llyfryddiaeth
Prif Awdur: Meera Surendran
Fformat: Printed Book
Cyhoeddwyd: Dept. of Aquatic Biology & Fisheries, University of Kerala, Thiruvananthapuram 1990
Cyfres:Sobha,V
LEADER 00596nam a2200193 4500
020
082 |a M19901 MEE 
100 |a Meera Surendran 
245 |a Heavy metal and biochemical studies of different groups of algae from Cape Comorin and Kovalam 
250
260 |a Dept. of Aquatic Biology & Fisheries, University of Kerala, Thiruvananthapuram  |c 1990 
300
490 |a Sobha,V 
500
590 |a SHK 
650
942 |c BK 
999 |c 101468  |d 101468 
952 |0 0  |1 0  |4 0  |6 M_19901_000000000000000_MEE  |7 0  |9 114936  |a AQU  |b AQU  |l 0  |o M19901 MEE  |p AQUM19901  |r 2019-09-25  |w 2019-09-25  |y BK